Kindai shihon shugi no keifu /

Saved in:
Bibliographic Details
Main Author: Ōtsuka, Hisao, 1907-1996.
Format: Book
Language:Japanese
Published: Tōkyō : Iwanami Shoten, 1969.
Series:Ōtsuka, Hisao, 1907-1996. Works. 1969 ; dai 3-kan.
Subjects:
Tags: Add Tag
No Tags, Be the first to tag this record!
LEADER 01105nam a2200289ua 4500
001 007743404-8
005 20024617115958.0
008 910116s1969 ja af b 000 0 jpn d
020 |a 4000900234 :  |c Y3400 
035 0 |a ocm23299999 
040 |a *CGU*  |c *CGU*  |d *YNH*  |d CStRLIN 
100 1 |6 880-01  |a Ōtsuka, Hisao,  |d 1907-1996. 
245 1 0 |6 880-02  |a Kindai shihon shugi no keifu /  |c [chosha Ōtsuka Hisao]. 
260 |6 880-03  |a Tōkyō :  |b Iwanami Shoten,  |c 1969. 
300 |a vi, 474 p., [1] leaf of plates :  |b ill. ;  |c 22 cm. 
490 1 |6 880-04  |a Ōtsuka Hisao chosakushū ;  |v dai 3-kan 
504 |a Includes bibliographical references. 
650 0 |a Capitalism. 
650 0 |a Economic history. 
880 1 |6 100-01  |a 大塚久雄,  |d 1907- 
880 1 0 |6 245-02  |a 近代資本主義の系譜 /  |c [著者大塚久雄]. 
880 |6 260-03  |a 東京 :  |b 岩波書房,  |c 1969. 
880 1 |6 490-04  |a 大塚久雄著作集 ;  |v 第3卷 
800 1 |6 880-05  |a Ōtsuka, Hisao,  |d 1907-1996.  |t Works.  |f 1969 ;  |v dai 3-kan. 
880 1 |6 800-05  |a 大塚久雄,  |d 1907-  |t Works.  |f 1969 ;  |v 第3卷. 
988 |a 20021214 
906 |0 OCLC